| 000 | 01014nam a22002897a 4500 | ||
|---|---|---|---|
| 001 | 5352 | ||
| 003 | FISKH | ||
| 005 | 20250805160838.0 | ||
| 008 | 241127b cb ||||| |||| 00| 0 eng d | ||
| 020 | _a9781407123998 | ||
| 040 |
_aFISKH _beng _cFISKH _dFISKH |
||
| 082 | _a530.92 | ||
| 100 | _aPoskitt, Kjartan | ||
| 245 |
_aNewton and his falling apple / _cby Kjartan Poskitt |
||
| 260 |
_aNew York : _bScholastic ; _c1999 . |
||
| 300 |
_a192 pages : _billustrations ; _c20 cm . |
||
| 490 | _aHorribly Famous | ||
| 505 | _aS | ||
| 520 | _aEven though he is dead, Isaac is still full of surprises. Now you can get the inside story with Isaac's undiscovered diary, scan the pages of The Stuart Sun and find out how the whole world was turned upside-down by an apple. | ||
| 521 |
_a790
_bLexile estimate |
||
| 521 |
_aS
_bRaz-Plus |
||
| 650 |
_abiography _vNon-ficiton |
||
| 650 |
_ahistory _vNon-ficiton |
||
| 700 |
_aReeve, Philip _eillustration |
||
| 942 |
_2ddc _cBK _n0 |
||
| 999 |
_c5352 _d5352 |
||